The ABC of hindu culture / (Record no. 73086)

MARC details
000 -LEADER
fixed length control field 00962nam a22002537a 4500
005 - DATE AND TIME OF LATEST TRANSACTION
control field 20130117115026.0
008 - FIXED-LENGTH DATA ELEMENTS--GENERAL INFORMATION
fixed length control field 130117t xxu||||| |||| 00| 0 eng d
010 ## - LCCN (DPL NO)
LC control number ENG-106603
020 ## - INTERNATIONAL STANDARD BOOK NUMBER
International Standard Book Number 9788183822909
Terms of availability 250.00
035 ## - SYSTEM CONTROL NUMBER
System control number EN-90136
037 ## - SOURCE OF ACQUISITION
Source of stock number/acquisition DBAD/PUB
040 ## - CATALOGING SOURCE
Original cataloging agency DPL
Language of cataloging ENG
100 ## - MAIN ENTRY--PERSONAL NAME
9 (RLIN) 54844
Personal name Dowson, John
245 ## - TITLE STATEMENT
Title The ABC of hindu culture /
Statement of responsibility, etc by John Dowson
260 ## - PUBLICATION, DISTRIBUTION, ETC. (IMPRINT)
Place of publication, distribution, etc New Delhi
Name of publisher, distributor, etc Lotus Press
Date of publication, distribution, etc 2012
270 ## - ADDRESS
Address 4263/3, Ansari Road, Daryaganj
City New Delhi
Postal code 110002
300 ## - PHYSICAL DESCRIPTION
Extent 328p.
Dimensions 20cm(pbk)
651 ## - SUBJECT ADDED ENTRY--GEOGRAPHIC NAME
Geographic name India
General subdivision History
Chronological subdivision To 1206 A.D.
9 (RLIN) 54845
700 ## - ADDED ENTRY--PERSONAL NAME
9 (RLIN) 54847
942 ## - ADDED ENTRY ELEMENTS (KOHA)
Source of classification or shelving scheme Dewey Decimal Classification
Item type English Books
Call number suffix DOW
Holdings
Withdrawn status Lost status Source of classification or shelving scheme Damaged status Not for loan Collection code Home library Current library Date acquired Source of acquisition Cost, normal purchase price Total Checkouts Full call number Barcode Date last seen Copy number Cost, replacement price Koha item type
    Dewey Decimal Classification     Non-fiction D.B.Act.Division D.B.Act.Division 17/01/2013 DBAD/PUB 250.00   DOW EN-90136 17/01/2013 1 250.00 English Books

© Delhi Public Library
Hit Counter
free hit counter